| 000 | 00821cam a2200241 4500 | ||
|---|---|---|---|
| 001 | 5800 | ||
| 005 | 20181127180257.0 | ||
| 008 | 140414s2013 ii 000 0 eng | ||
| 010 | _a 2013413067 | ||
| 020 | _a9780143423492 | ||
| 100 | 1 | _aDhompa, Tsering Wangmo. | |
| 245 | 1 | 2 |
_aA home in Tibet / _cTsering Wangmo Dhompa. |
| 264 | 1 |
_aNew Delhi : _bPenguin Books India, _c2013. |
|
| 300 |
_aviii, 306 pages ; _c21 cm |
||
| 336 |
_atext _btxt _2rdacontent |
||
| 337 |
_aunmediated _bn _2rdamedia |
||
| 338 |
_avolume _bnc _2rdacarrier |
||
| 600 | 1 | 0 |
_aDhompa, Tsering Wangmo _xFamily. |
| 600 | 1 | 0 | _aDhompa, Tsering Wangmo. |
| 651 | 0 |
_aTibet Autonomous Region (China) _xDescription and travel. |
|
| 651 | 0 |
_aTibet Autonomous Region (China) _xHistory _y1951- |
|
| 651 | 0 |
_aTibet Autonomous Region (China) _xSocial life and customs. |
|
| 999 |
_c4894 _d4894 |
||